Fast Typing - Binary Code (Extreme!) - Statistics

General Stats
  • This quiz has been taken 339 times
  • The average score is 14 of 60
Answer Stats
% Correct
101 101
40%
011 011
38%
001 001
33%
110 110
33%
010 010
31%
011 011
31%
101 101
31%
111 111
31%
001 001
29%
011 011
29%
101 101
29%
101 101
29%
110 110
29%
001 001
27%
010 010
27%
010 010
27%
010 010
27%
010 010
27%
011 011
27%
100 100
27%
100 100
27%
111 111
27%
000 000
24%
000 000
24%
001 001
24%
010 010
24%
010 010
24%
011 011
24%
011 011
24%
100 100
24%
101 101
24%
110 110
24%
110 110
24%
110 110
24%
111 111
24%
111 111
24%
001 001
22%
101 101
22%
110 110
22%
111 111
22%
001 001
20%
001 001
20%
001 001
20%
010 010
20%
011 011
20%
110 110
20%
110 110
20%
000 000
18%
011 011
18%
100 100
18%
101 101
18%
110 110
18%
111 111
18%
111 111
18%
010 010
16%
100 100
16%
101 101
16%
000 000
13%
110 110
13%
110 110
11%
No matching quizzes found
Score Distribution
Percent of People with Each Score
Percentile by Number Answered
Your Score History
You have not taken this quiz